[Event "Titled Tuesday 2021.06.29"]
[Site "chess.com INT"]
[Date "2021.06.29"]
[Round "5"]
[White "Hoffmann, As"]
[Black "Yang, Kaiqi"]
[Result "0-1"]
[WhiteElo "2185"]
[BlackElo "2481"]
[PlyCount "82"]
[EventDate "2021.06.29"]
[EventType "swiss (blitz)"]
[EventRounds "11"]
[EventCountry "NET"]
[Source "Mark Crowther"]
[SourceDate "2021.07.05"]

1. d4 e6 2. e4 d5 3. e5 c5 4. Nf3 cxd4 5. Qxd4 Nc6 6. Qf4 Nge7 7. Bd3 Qc7 8.
O-O h6 9. Nc3 a6 10. Re1 g5 11. Qg3 Nb4 12. Be3 Nxd3 13. cxd3 Nf5 14. Qg4 Be7
15. Rac1 Qd8 16. h3 Bd7 17. Nd4 h5 18. Qe2 Nxd4 19. Bxd4 Bc6 20. Rf1 Qd7 21. a3
g4 22. hxg4 hxg4 23. Qxg4 O-O-O 24. f4 Rdg8 25. Qf3 Qd8 26. Kf2 Bh4+ 27. Ke2
Rg3 28. Qf2 Rhg8 29. Rg1 Rxd3 30. Kxd3 Bxf2 31. Bxf2 Kb8 32. Ne2 Bb5+ 33. Kd2
Bxe2 34. Kxe2 Qd7 35. b4 d4 36. g3 d3+ 37. Kd2 Qd5 38. Rc3 Rd8 39. Be3 Qa2+ 40.
Kd1 Qe2+ 41. Kc1 Qxe3+ 0-1

[Event "Titled Tuesday 2021.06.29"]
[Site "chess.com INT"]
[Date "2021.06.29"]
[Round "7"]
[White "Fataliyeva, U."]
[Black "Yang, Kaiqi"]
[Result "1-0"]
[WhiteElo "2301"]
[BlackElo "2481"]
[PlyCount "87"]
[EventDate "2021.06.29"]
[EventType "swiss (blitz)"]
[EventRounds "11"]
[EventCountry "NET"]
[Source "Mark Crowther"]
[SourceDate "2021.07.05"]

1. d4 e6 2. c4 f5 3. Nc3 Nf6 4. Bf4 Bb4 5. e3 b6 6. Bd3 Bb7 7. f3 d6 8. Nge2
Nbd7 9. Bg3 Qe7 10. O-O Bxc3 11. Nxc3 O-O 12. Qc2 Rf7 13. b4 a6 14. e4 fxe4 15.
fxe4 e5 16. d5 Raf8 17. Bh4 h6 18. Ne2 g5 19. Be1 Nh5 20. Rxf7 Qxf7 21. Ng3
Nxg3 22. Bxg3 Qg7 23. h3 Bc8 24. Be2 Qe7 25. Bg4 Nf6 26. Bxc8 Rxc8 27. Rf1 Rf8
28. Rf5 Nh5 29. Bf2 Rxf5 30. exf5 Nf4 31. Kh2 e4 32. g3 Nd3 33. Bd4 Nxb4 34.
Qe2 Nd3 35. Qh5 Ne5 36. Qxh6 Nf3+ 37. Kg2 Nxd4 38. f6 Qf7 39. Qxg5+ Kf8 40.
Qh6+ Ke8 41. Qf4 Kd7 42. g4 Nf3 43. Qf5+ Kd8 44. g5 1-0

[Event "Titled Tuesday 2021.06.29"]
[Site "chess.com INT"]
[Date "2021.06.29"]
[Round "8"]
[White "Yang, Kaiqi"]
[Black "Leve, Nitai"]
[Result "1-0"]
[WhiteElo "2481"]
[BlackElo "2128"]
[PlyCount "83"]
[EventDate "2021.06.29"]
[EventType "swiss (blitz)"]
[EventRounds "11"]
[EventCountry "NET"]
[Source "Mark Crowther"]
[SourceDate "2021.07.05"]

1. e4 e6 2. d3 d5 3. Nd2 Nf6 4. Ngf3 b6 5. g3 Bb7 6. Bg2 c5 7. O-O Nc6 8. Re1
Be7 9. c3 dxe4 10. dxe4 Ng4 11. Qa4 O-O 12. e5 Nh6 13. Ne4 Nf5 14. Bf4 Qc7 15.
g4 Nh4 16. Nxh4 Bxh4 17. Nd6 Na5 18. Nxb7 Nxb7 19. g5 c4 20. Bxb7 Qxb7 21. Qxc4
Qf3 22. Be3 Qh3 23. Qf4 f6 24. exf6 gxf6 25. Kh1 fxg5 26. Qe4 Rad8 27. Rad1
Rxd1 28. Rxd1 Bxf2 29. Bxg5 Bg3 30. Qg2 Qxg2+ 31. Kxg2 Bf4 32. Bxf4 Rxf4 33.
Rd8+ Kg7 34. Rd7+ Rf7 35. Rxf7+ Kxf7 36. Kf3 Kf6 37. Ke4 e5 38. c4 Ke6 39. b4
Kd6 40. h4 h5 41. Kf5 a5 42. a3 1-0

[Event "Titled Tuesday 2021.06.29"]
[Site "chess.com INT"]
[Date "2021.06.29"]
[Round "9"]
[White "Yang, Kaiqi"]
[Black "Tokman, A."]
[Result "1-0"]
[WhiteElo "2481"]
[BlackElo "2316"]
[PlyCount "67"]
[EventDate "2021.06.29"]
[EventType "swiss (blitz)"]
[EventRounds "11"]
[EventCountry "NET"]
[Source "Mark Crowther"]
[SourceDate "2021.07.05"]

1. e4 d6 2. d4 Nf6 3. Nc3 Nbd7 4. Nf3 e5 5. Bc4 Be7 6. O-O O-O 7. Re1 a6 8. a4
b6 9. h3 Bb7 10. Ba2 c6 11. Be3 b5 12. b4 a5 13. dxe5 dxe5 14. axb5 axb4 15.
bxc6 Bxc6 16. Nd5 Nxe4 17. Qd3 Rxa2 18. Nxe7+ Qxe7 19. Rxa2 Nc3 20. Ra6 Bb5 21.
Qd6 Qxd6 22. Rxd6 f6 23. Ra1 Kf7 24. Ra7 Rd8 25. Bb6 Ke7 26. Bc5 Ke8 27. Bxb4
Ne4 28. Re6+ Kf7 29. Re7+ Kg6 30. c4 Bc6 31. Nh4+ Kh5 32. Nf5 Kg6 33. g4 h5 34.
Rxg7# 1-0

[Event "Titled Tuesday 2021.05.25"]
[Site "chess.com INT"]
[Date "2021.05.25"]
[Round "1"]
[White "Yang, Kaiqi"]
[Black "Stepak, Y."]
[Result "1-0"]
[WhiteElo "2481"]
[BlackElo "2210"]
[PlyCount "127"]
[EventDate "2021.05.25"]
[EventType "swiss (blitz)"]
[EventRounds "11"]
[EventCountry "NET"]
[Source "Mark Crowther"]
[SourceDate "2021.05.31"]

1. d4 Nf6 2. Nf3 g6 3. Nbd2 d5 4. b4 Bg7 5. e3 O-O 6. Be2 b6 7. Bb2 Ba6 8. b5
Bb7 9. O-O a6 10. a4 a5 11. Ne5 Nfd7 12. Nd3 Qe8 13. f4 Nf6 14. Bf3 Ne4 15.
Bxe4 dxe4 16. Nf2 f5 17. c4 Nd7 18. Qb3 Kh8 19. Rac1 Qf7 20. Ba3 Rfe8 21. c5
Bd5 22. Qb1 Rac8 23. Qc2 h5 24. Nc4 Qe6 25. Nh3 Bh6 26. c6 Nf6 27. Ne5 Ng4 28.
Qc3 Kh7 29. Bb2 Rg8 30. Nf2 g5 31. Nfxg4 hxg4 32. g3 gxf4 33. exf4 Bg7 34. Rcd1
Rh8 35. Rfe1 Kg8 36. Re2 Qh6 37. Rdd2 Qh3 38. Qe3 Rh6 39. Rg2 Kh7 40. Rdf2 Rh8
41. Bc3 Kg8 42. Bd2 Qh5 43. Re2 Qe8 44. Rgf2 e6 45. Qc3 Rh3 46. Be3 Bf6 47. Rg2
Qh5 48. Rc2 Qe8 49. Nd7 Be7 50. Nxb6 Bb4 51. Qb2 cxb6 52. c7 Bb7 53. Qb3 Bc8
54. d5 exd5 55. Qxd5+ Qf7 56. Qe5 R8h6 57. Bd4 Re6 58. Qd5 Re7 59. Qd8+ Re8 60.
Qg5+ Kf8 61. Rc6 Re6 62. Qd8+ Re8 63. Qg5 Re6 64. Rd2 1-0

[Event "Titled Tuesday 2021.05.25"]
[Site "chess.com INT"]
[Date "2021.05.25"]
[Round "2"]
[White "Lizlov, A."]
[Black "Yang, Kaiqi"]
[Result "0-1"]
[WhiteElo "2304"]
[BlackElo "2481"]
[PlyCount "104"]
[EventDate "2021.05.25"]
[EventType "swiss (blitz)"]
[EventRounds "11"]
[EventCountry "NET"]
[Source "Mark Crowther"]
[SourceDate "2021.05.31"]

1. e4 e6 2. Nf3 d5 3. Nc3 Nf6 4. Qe2 dxe4 5. Nxe4 Nxe4 6. Qxe4 Nd7 7. g3 Nf6 8.
Qe2 Bd7 9. Ne5 Bd6 10. Nxd7 Qxd7 11. Bg2 c6 12. O-O O-O 13. d4 Bc7 14. Rd1 h6
15. Qf3 Qd5 16. Qxd5 cxd5 17. b3 Rab8 18. Ba3 Rfd8 19. c4 Bd6 20. Bxd6 Rxd6 21.
c5 Rd7 22. b4 Rc7 23. b5 b6 24. c6 Ne8 25. Bf1 Nd6 26. Bd3 Ra8 27. Rdc1 Kf8 28.
a4 Rb8 29. f4 Ke7 30. a5 bxa5 31. Rxa5 Nc8 32. Rc5 Kd6 33. Kf2 Nb6 34. Ke3 g5
35. Rc1 Rg8 36. Rca1 Nc8 37. Rf1 f5 38. fxg5 hxg5 39. h3 Rh8 40. Rh1 Rch7 41.
Bf1 Rf8 42. Kf2 f4 43. Bd3 Rhf7 44. g4 Rh8 45. Kf3 Re7 46. Rh2 e5 47. dxe5+
Rxe5 48. Bf5 Re3+ 49. Kf2 Rhe8 50. Bxc8 Re2+ 51. Kf1 Rxh2 52. Rxa7 Rxc8 0-1

[Event "Titled Tuesday 2021.05.25"]
[Site "chess.com INT"]
[Date "2021.05.25"]
[Round "3"]
[White "Yang, Kaiqi"]
[Black "Drygalov, Sergey"]
[Result "0-1"]
[WhiteElo "2481"]
[BlackElo "2490"]
[PlyCount "102"]
[EventDate "2021.05.25"]
[EventType "swiss (blitz)"]
[EventRounds "11"]
[EventCountry "NET"]
[Source "Mark Crowther"]
[SourceDate "2021.05.31"]

1. e4 c5 2. Nf3 d6 3. Bb5+ Nd7 4. a4 Ngf6 5. Nc3 a6 6. Bc4 g6 7. O-O Bg7 8. d3
O-O 9. h3 Ne5 10. Nxe5 dxe5 11. a5 Nd7 12. Be3 Kh8 13. Qd2 e6 14. Na4 Qe7 15.
Rab1 f5 16. f3 f4 17. Bf2 Rd8 18. b4 cxb4 19. Qxb4 Qe8 20. Qd6 Nf8 21. Qb4 Bd7
22. Nb6 Rab8 23. Bh4 Bc6 24. Qc3 Nd7 25. Ba2 Nxb6 26. Rxb6 Rdc8 27. Qb2 Qd7 28.
Rb1 Rc7 29. Bf2 Rbc8 30. Bc4 g5 31. Qa2 Re8 32. Qb2 Qf7 33. Be1 h5 34. Bc3 Qf6
35. Qb4 Rd8 36. Kf2 g4 37. hxg4 Qh4+ 38. Ke2 Qh2 39. Rf1 hxg4 40. Bxe6 Qxg2+
41. Rf2 gxf3+ 42. Ke1 Qg1+ 43. Rf1 Qe3+ 44. Kd1 Qe2+ 45. Kc1 Qxf1+ 46. Kb2 Qg1
47. Ka2 f2 48. Qb2 f1=Q 49. Bxe5 Re7 50. Bxg7+ Qxg7 51. Qb3 Qfa1# 0-1

[Event "Titled Tuesday 2021.05.25"]
[Site "chess.com INT"]
[Date "2021.05.25"]
[Round "5"]
[White "Yang, Kaiqi"]
[Black "Fisabilillah, Ummi"]
[Result "1-0"]
[WhiteElo "2481"]
[BlackElo "2159"]
[PlyCount "55"]
[EventDate "2021.05.25"]
[EventType "swiss (blitz)"]
[EventRounds "11"]
[EventCountry "NET"]
[Source "Mark Crowther"]
[SourceDate "2021.05.31"]

1. e4 e6 2. d3 d5 3. Nd2 Nc6 4. Ngf3 Nf6 5. c3 dxe4 6. dxe4 Bc5 7. Bb5 Bd7 8.
O-O O-O 9. a4 a6 10. Bc4 e5 11. b4 Bd6 12. Qe2 Bg4 13. h3 Bh5 14. Rd1 Qe7 15.
Nf1 Bg6 16. Ng3 Nd7 17. Bg5 Qe8 18. Nh4 Nb6 19. Bb3 Be7 20. Nxg6 hxg6 21. Be3
Rd8 22. a5 Nd7 23. Qg4 Nf6 24. Qxg6 Kh8 25. Qf5 g6 26. Qg5 Ng8 27. Qg4 Bh4 28.
Qxh4+ 1-0

[Event "Titled Tuesday 2021.05.18"]
[Site "chess.com INT"]
[Date "2021.05.18"]
[Round "1"]
[White "Yang, Kaiqi"]
[Black "Roman, R."]
[Result "1-0"]
[WhiteElo "2481"]
[BlackElo "2071"]
[PlyCount "27"]
[EventDate "2021.05.18"]
[EventType "swiss (blitz)"]
[EventRounds "11"]
[EventCountry "NET"]
[Source "Mark Crowther"]
[SourceDate "2021.05.24"]

1. d4 a6 2. c4 b5 3. e4 Bb7 4. d5 bxc4 5. Bxc4 e6 6. Nc3 Bb4 7. Qb3 a5 8. Nf3
Nf6 9. O-O Na6 10. e5 Nc5 11. Qc2 Nxd5 12. Nxd5 Bxd5 13. Bxd5 exd5 14. a3 1-0

[Event "Titled Tuesday 2021.05.18"]
[Site "chess.com INT"]
[Date "2021.05.18"]
[Round "2"]
[White "Perez, Fl"]
[Black "Yang, Kaiqi"]
[Result "1-0"]
[WhiteElo "2287"]
[BlackElo "2481"]
[PlyCount "83"]
[EventDate "2021.05.18"]
[EventType "swiss (blitz)"]
[EventRounds "11"]
[EventCountry "NET"]
[Source "Mark Crowther"]
[SourceDate "2021.05.24"]

1. e4 c5 2. Nc3 Nc6 3. g3 g6 4. Bg2 Bg7 5. d3 e6 6. Be3 d6 7. Qd2 Rb8 8. Nge2
Nd4 9. Nc1 Ne7 10. Nd1 e5 11. c3 Ne6 12. Bh6 Bxh6 13. Qxh6 b5 14. Ne3 b4 15.
Nd5 Nxd5 16. exd5 bxc3 17. bxc3 Qa5 18. Qd2 Nc7 19. O-O Bb7 20. Nb3 Qa4 21. c4
O-O 22. f4 exf4 23. Rxf4 Qd7 24. Raf1 f5 25. Qc3 Qg7 26. Qxg7+ Kxg7 27. Na5 Ba8
28. g4 fxg4 29. Rxf8 Rxf8 30. Rb1 Na6 31. Nc6 Rf7 32. a3 h5 33. Nd8 Rd7 34.
Ne6+ Kh6 35. Rb5 Nc7 36. Ra5 Ne8 37. Ra6 h4 38. Nf8 Rf7 39. Ne6 h3 40. Be4 Kh5
41. Nd8 Rd7 42. Nc6 1-0

[Event "Titled Tuesday 2021.05.18"]
[Site "chess.com INT"]
[Date "2021.05.18"]
[Round "3"]
[White "Yang, Kaiqi"]
[Black "Smirnova, Ek"]
[Result "1-0"]
[WhiteElo "2481"]
[BlackElo "2240"]
[PlyCount "83"]
[EventDate "2021.05.18"]
[EventType "swiss (blitz)"]
[EventRounds "11"]
[EventCountry "NET"]
[Source "Mark Crowther"]
[SourceDate "2021.05.24"]

1. e4 e6 2. d3 d5 3. Nd2 c5 4. Ngf3 Ne7 5. g3 g6 6. Bg2 Bg7 7. O-O O-O 8. Re1
b5 9. h4 Bb7 10. h5 Nd7 11. Nf1 dxe4 12. dxe4 Ne5 13. Qe2 Nxf3+ 14. Bxf3 c4 15.
Ne3 f5 16. exf5 Bxf3 17. Qxf3 exf5 18. Ng2 Qd5 19. Qa3 Nc6 20. Nf4 Qd7 21. hxg6
hxg6 22. Nxg6 Rfe8 23. Be3 Qf7 24. Nf4 Ne5 25. Red1 Rad8 26. Qxa7 Qxa7 27. Bxa7
Nc6 28. Bb6 Rxd1+ 29. Rxd1 Bxb2 30. Rd6 Nb4 31. Nd5 Nxd5 32. Rxd5 Re5 33. Rxe5
Bxe5 34. f4 Bc3 35. Kf2 Kf7 36. Kf3 Ke6 37. g4 fxg4+ 38. Kxg4 Bb2 39. f5+ Kf6
40. Bd8+ Ke5 41. Kg5 Kd4 42. Bf6+ 1-0

[Event "Titled Tuesday 2021.05.18"]
[Site "chess.com INT"]
[Date "2021.05.18"]
[Round "4"]
[White "Quintin Navarro, A."]
[Black "Yang, Kaiqi"]
[Result "1-0"]
[WhiteElo "2398"]
[BlackElo "2481"]
[PlyCount "93"]
[EventDate "2021.05.18"]
[EventType "swiss (blitz)"]
[EventRounds "11"]
[EventCountry "NET"]
[Source "Mark Crowther"]
[SourceDate "2021.05.24"]

1. c4 c6 2. d4 d5 3. cxd5 cxd5 4. Bf4 Nc6 5. e3 Nf6 6. Nc3 a6 7. Bd3 Bg4 8.
Nge2 e6 9. O-O Bd6 10. Qd2 Bxe2 11. Nxe2 O-O 12. Rac1 Rc8 13. a3 Qe7 14. Rc2
Rc7 15. Rfc1 Rfc8 16. h3 h6 17. f3 e5 18. dxe5 Nxe5 19. Nd4 Nxd3 20. Bxd6 Rxc2
21. Bxe7 Rxd2 22. Rxc8+ Kh7 23. Bxf6 gxf6 24. Rc7 Rxb2 25. Rxf7+ Kg6 26. Rd7
Ne1 27. g4 Rd2 28. Kf1 Rxd4 29. exd4 Nxf3 30. Rxd5 b5 31. Kf2 Nd2 32. h4 Nc4
33. h5+ Kf7 34. Rd7+ Ke6 35. Ra7 a5 36. Ke2 a4 37. Rh7 Nxa3 38. Rxh6 Nc4 39.
Rh8 a3 40. Ra8 b4 41. h6 Nd6 42. h7 Nf7 43. Kd3 f5 44. g5 f4 45. g6 a2 46. gxf7
Kxf7 47. h8=Q 1-0

[Event "Titled Tuesday 2021.05.18"]
[Site "chess.com INT"]
[Date "2021.05.18"]
[Round "5"]
[White "Yang, Kaiqi"]
[Black "Ljukin, S."]
[Result "1-0"]
[WhiteElo "2481"]
[BlackElo "2362"]
[PlyCount "111"]
[EventDate "2021.05.18"]
[EventType "swiss (blitz)"]
[EventRounds "11"]
[EventCountry "NET"]
[Source "Mark Crowther"]
[SourceDate "2021.05.24"]

1. d4 d5 2. Nf3 Nf6 3. e3 c5 4. dxc5 Nc6 5. a3 a5 6. c4 e6 7. Nc3 Bxc5 8. cxd5
exd5 9. Nb5 Bg4 10. Be2 O-O 11. O-O Ne4 12. Bd2 Qb6 13. Rc1 Bxf3 14. gxf3 Nxd2
15. Qxd2 Rad8 16. Qc3 Be7 17. Rfd1 Bf6 18. Qc5 Qxc5 19. Rxc5 Bxb2 20. Rcxd5
Rxd5 21. Rxd5 Rd8 22. Bc4 Rxd5 23. Bxd5 Kf8 24. a4 Ke7 25. f4 f6 26. Kg2 g5 27.
fxg5 fxg5 28. Kf3 Be5 29. h3 h5 30. Ke4 Kf6 31. f4 gxf4 32. exf4 Bb8 33. Bxc6
bxc6 34. Nd4 c5 35. Nb3 c4 36. Nxa5 c3 37. Nb3 c2 38. a5 Ba7 39. a6 Ke6 40. Nc1
Kf6 41. Nd3 Ke6 42. Nc1 Kf6 43. Ne2 Ke6 44. Kd3 Kf5 45. Kxc2 Ke4 46. Kd2 Bb6
47. Ng3+ Kxf4 48. Nxh5+ Kf5 49. Kd3 Kg5 50. Ng7 Kh4 51. Kc4 Kxh3 52. Kb5 Ba7
53. Nf5 Kg4 54. Ne7 Kf4 55. Nc8 Bb8 56. Kb6 1-0

[Event "Titled Tuesday 2021.05.18"]
[Site "chess.com INT"]
[Date "2021.05.18"]
[Round "6"]
[White "Yang, Kaiqi"]
[Black "Orozbaev, Eldiar"]
[Result "0-1"]
[WhiteElo "2481"]
[BlackElo "2084"]
[PlyCount "80"]
[EventDate "2021.05.18"]
[EventType "swiss (blitz)"]
[EventRounds "11"]
[EventCountry "NET"]
[Source "Mark Crowther"]
[SourceDate "2021.05.24"]

1. d4 Nf6 2. Nf3 d5 3. e3 c6 4. Bd3 g6 5. Nbd2 Bg7 6. b3 O-O 7. Bb2 Nbd7 8. O-O
Re8 9. Ne5 Nxe5 10. dxe5 Nd7 11. f4 Qb6 12. Qe2 Nc5 13. Bd4 Qa5 14. f5 Nxd3 15.
fxg6 Nxe5 16. gxf7+ Nxf7 17. Rxf7 Bxd4 18. Qh5 Bg7 19. Raf1 Be6 20. Rxg7+ Kxg7
21. Qe5+ Kg8 22. Qxe6+ Kh8 23. Rf7 Qc3 24. Nf3 Rf8 25. Qxe7 Rxf7 26. Qxf7 Qxe3+
27. Kf1 Qe8 28. Qf6+ Kg8 29. h4 Qf7 30. Qg5+ Kh8 31. h5 Rg8 32. Qe3 Qg7 33. h6
Qxg2+ 34. Ke1 Qg3+ 35. Kd1 Rf8 36. Qd4+ Kg8 37. Ne5 Rf1+ 38. Kd2 Qe1+ 39. Kd3
Qd1+ 40. Kc3 Qa1+ 0-1

[Event "Titled Tuesday 2021.05.18"]
[Site "chess.com INT"]
[Date "2021.05.18"]
[Round "7"]
[White "Novikov, E."]
[Black "Yang, Kaiqi"]
[Result "1-0"]
[WhiteElo "2276"]
[BlackElo "2481"]
[PlyCount "59"]
[EventDate "2021.05.18"]
[EventType "swiss (blitz)"]
[EventRounds "11"]
[EventCountry "NET"]
[Source "Mark Crowther"]
[SourceDate "2021.05.24"]

1. Nf3 d5 2. c4 c6 3. Qc2 Nf6 4. g3 g6 5. Bg2 Bg7 6. O-O O-O 7. d3 Bg4 8. Nbd2
Nbd7 9. Rb1 a5 10. b3 e6 11. h3 Bxf3 12. Bxf3 Re8 13. Bg2 h5 14. Bb2 e5 15. e3
h4 16. g4 Qe7 17. Rbe1 e4 18. cxd5 cxd5 19. dxe4 dxe4 20. Nc4 b5 21. Ba3 b4 22.
Bb2 Nc5 23. Rd1 Nd3 24. Bd4 Rac8 25. Bxe4 Nxf2 26. Bxf6 Qxe4 27. Qxf2 Bh6 28.
g5 Bf8 29. Bd4 Rc7 30. Qf6 1-0

[Event "Titled Tuesday 2021.05.18"]
[Site "chess.com INT"]
[Date "2021.05.18"]
[Round "8"]
[White "Pandey, Srishti"]
[Black "Yang, Kaiqi"]
[Result "0-1"]
[WhiteElo "2026"]
[BlackElo "2481"]
[PlyCount "118"]
[EventDate "2021.05.18"]
[EventType "swiss (blitz)"]
[EventRounds "11"]
[EventCountry "NET"]
[Source "Mark Crowther"]
[SourceDate "2021.05.24"]

1. d4 d5 2. c4 e6 3. Nf3 c6 4. Qc2 Nf6 5. e3 Nbd7 6. Nbd2 Be7 7. Bd3 O-O 8. O-O
b6 9. e4 dxe4 10. Nxe4 Bb7 11. Qe2 c5 12. Rd1 Nxe4 13. Bxe4 Bxe4 14. Qxe4 Nf6
15. Qe2 cxd4 16. Nxd4 Qc7 17. Nb5 Qc6 18. Bf4 a6 19. Nd4 Qe4 20. Qxe4 Nxe4 21.
f3 Nc5 22. Be5 Rac8 23. b3 Rfd8 24. Kf1 f6 25. Bg3 Kf7 26. Ke2 g6 27. Nc2 h5
28. Bf2 f5 29. Rxd8 Rxd8 30. Rd1 Rxd1 31. Kxd1 g5 32. Ke2 g4 33. Nd4 Bd6 34. h3
gxh3 35. gxh3 Nd7 36. Nc2 Bc5 37. Bg3 e5 38. Kd3 Ke6 39. b4 Bd6 40. Bf2 Bc7 41.
a3 Nf6 42. Ke3 f4+ 43. Kd3 Kf5 44. a4 Nd7 45. Bg1 Ke6 46. Bf2 Nf6 47. Bh4 Nd7
48. Na1 Bd6 49. Nc2 a5 50. bxa5 bxa5 51. Bf2 Bc5 52. Be1 Bb6 53. Ke2 Nc5 54.
Na3 Nxa4 55. Nb5 Nc5 56. Bc3 a4 57. Bb4 Nb3 58. Nc3 Bc5 59. Nd5 a3 0-1

[Event "Titled Tuesday 2021.05.18"]
[Site "chess.com INT"]
[Date "2021.05.18"]
[Round "9"]
[White "Yang, Kaiqi"]
[Black "Mikhalsky, Vladimir"]
[Result "1-0"]
[WhiteElo "2481"]
[BlackElo "2290"]
[PlyCount "97"]
[EventDate "2021.05.18"]
[EventType "swiss (blitz)"]
[EventRounds "11"]
[EventCountry "NET"]
[Source "Mark Crowther"]
[SourceDate "2021.05.24"]

1. e4 g6 2. d4 Bg7 3. Nc3 d6 4. Be3 a6 5. Qd2 b5 6. f3 Nd7 7. a4 b4 8. Nd1 c5
9. dxc5 dxc5 10. Bc4 Ngf6 11. Ne2 O-O 12. O-O Qc7 13. Bh6 Ne5 14. Bxg7 Kxg7 15.
Ne3 Rd8 16. Qc1 Nxc4 17. Nxc4 Be6 18. Ne3 c4 19. c3 Rd3 20. Nd4 Qb6 21. Kh1 b3
22. a5 Qc5 23. Ra4 Rxd4 24. cxd4 Qb5 25. Ra1 Rc8 26. Qc3 Kg8 27. d5 Bd7 28.
Rfc1 Nh5 29. Qd4 Nf4 30. Rxc4 Rb8 31. Qc5 Kf8 32. Qxb5 Bxb5 33. Rc7 Nd3 34. Rb1
Nb4 35. Nc4 Bxc4 36. Rxc4 Rb5 37. Rc3 Nc2 38. h4 Nd4 39. Rd1 Ne2 40. Rc8+ Kg7
41. Rd3 Nf4 42. Rdc3 Rxa5 43. Rxb3 Ra1+ 44. Kh2 Rd1 45. Rc2 Nh5 46. Ra3 a5 47.
Rxa5 Nf4 48. Ra7 Kf6 49. b4 1-0

[Event "Titled Tuesday 2021.05.18"]
[Site "chess.com INT"]
[Date "2021.05.18"]
[Round "10"]
[White "Ajay, Karthikeyan"]
[Black "Yang, Kaiqi"]
[Result "1-0"]
[WhiteElo "2356"]
[BlackElo "2481"]
[PlyCount "119"]
[EventDate "2021.05.18"]
[EventType "swiss (blitz)"]
[EventRounds "11"]
[EventCountry "NET"]
[Source "Mark Crowther"]
[SourceDate "2021.05.24"]

1. g3 d5 2. c4 c6 3. cxd5 cxd5 4. Bg2 Nc6 5. Nc3 Nf6 6. d4 Bf5 7. Nf3 e6 8. O-O
h6 9. Bf4 Be7 10. Ne5 Rc8 11. Rc1 O-O 12. h3 Qb6 13. Nxc6 Rxc6 14. Na4 Rxc1 15.
Bxc1 Qc6 16. Nc3 Rc8 17. Bf4 Bb4 18. Qb3 Qc4 19. g4 Qxb3 20. axb3 Bc2 21. Rc1
Bxb3 22. Bd2 Rc6 23. e3 a5 24. Bf3 g5 25. Kf1 a4 26. Ke1 Kg7 27. Be2 Bxc3 28.
Rxc3 Rxc3 29. Bxc3 Bc4 30. Bd1 b5 31. f3 h5 32. Bb4 hxg4 33. hxg4 Nd7 34. Be7
f6 35. Bb4 e5 36. Kd2 Kf7 37. Bc2 exd4 38. exd4 Nb8 39. Bf5 Nc6 40. Bc5 Na5 41.
Bc2 Bb3 42. Bd3 Bc4 43. Bc2 Nb7 44. Bb4 Nd8 45. Bf5 Nc6 46. Bc5 Ke8 47. Ke3 b4
48. Kd2 b3 49. Kc3 Ne7 50. Be6 Be2 51. Bxe7 Kxe7 52. Bxd5 Kd6 53. Be4 Bb5 54.
Kb4 Bd7 55. Ka3 Ke6 56. Bf5+ Kd6 57. Bxd7 Kxd7 58. Kxa4 Kd6 59. Kxb3 Kd5 60.
Kc3 1-0

[Event "Titled Tuesday 2021.05.11"]
[Site "chess.com INT"]
[Date "2021.05.11"]
[Round "1"]
[White "Yang, Kaiqi"]
[Black "Valle, Lu"]
[Result "1-0"]
[WhiteElo "2481"]
[BlackElo "2284"]
[PlyCount "41"]
[EventDate "2021.05.11"]
[EventType "swiss (blitz)"]
[EventRounds "11"]
[EventCountry "NET"]
[Source "Mark Crowther"]
[SourceDate "2021.05.17"]

1. d4 Nf6 2. c4 g6 3. Nc3 Bg7 4. e4 d6 5. Nf3 O-O 6. Be2 Re8 7. Bg5 h6 8. Bh4
e5 9. dxe5 dxe5 10. Qxd8 Rxd8 11. Bxf6 Bxf6 12. Nd5 Nd7 13. Nxc7 Rb8 14. Rd1 b6
15. Nd5 Bg7 16. O-O Bb7 17. Nd2 Bf8 18. Bg4 Nc5 19. b3 Nxb3 20. axb3 b5 21. Bf3
1-0

[Event "Titled Tuesday 2021.05.11"]
[Site "chess.com INT"]
[Date "2021.05.11"]
[Round "2"]
[White "Koridze, Lile"]
[Black "Yang, Kaiqi"]
[Result "1-0"]
[WhiteElo "2016"]
[BlackElo "2481"]
[PlyCount "55"]
[EventDate "2021.05.11"]
[EventType "swiss (blitz)"]
[EventRounds "11"]
[EventCountry "NET"]
[Source "Mark Crowther"]
[SourceDate "2021.05.17"]

1. d4 d5 2. c4 c6 3. Nf3 Nf6 4. Nc3 e6 5. e3 Nbd7 6. Bd3 dxc4 7. Bxc4 b5 8. Bd3
Bd6 9. O-O O-O 10. e4 e5 11. d5 cxd5 12. Nxd5 Nxd5 13. exd5 a6 14. Ng5 Nf6 15.
Be3 Bb7 16. Be4 h6 17. Qf3 hxg5 18. Bxg5 Re8 19. Rfe1 Rc8 20. Qh3 Rc4 21. b3
Rd4 22. Bf5 Bc8 23. Re3 Bxf5 24. Qxf5 Qd7 25. Qc2 Nxd5 26. Rh3 e4 27. Qe2 Qf5
28. Qh5 1-0

[Event "Titled Tuesday 2021.05.11"]
[Site "chess.com INT"]
[Date "2021.05.11"]
[Round "3"]
[White "Yang, Kaiqi"]
[Black "Perez Leiva, Jerzy Jesus"]
[Result "1-0"]
[WhiteElo "2481"]
[BlackElo "2384"]
[PlyCount "49"]
[EventDate "2021.05.11"]
[EventType "swiss (blitz)"]
[EventRounds "11"]
[EventCountry "NET"]
[Source "Mark Crowther"]
[SourceDate "2021.05.17"]

1. d4 Nf6 2. Nf3 d5 3. e3 e6 4. Bd3 Nbd7 5. b3 b6 6. Bb2 Bb7 7. Nbd2 a6 8. O-O
Bd6 9. Ne5 Qe7 10. f4 Ba3 11. Bxa3 Qxa3 12. Qf3 Qe7 13. Qg3 g6 14. Qh4 Ne4 15.
Qxe7+ Kxe7 16. Bxe4 dxe4 17. Rad1 Nb8 18. g4 f6 19. Nec4 Nd7 20. h4 h6 21. a4
Rag8 22. Kf2 g5 23. fxg5 hxg5 24. h5 f5 25. Kg3 1-0

[Event "Titled Tuesday 2021.05.11"]
[Site "chess.com INT"]
[Date "2021.05.11"]
[Round "6"]
[White "Yang, Kaiqi"]
[Black "Ambartsumova, Karina"]
[Result "1/2-1/2"]
[WhiteElo "2481"]
[BlackElo "2382"]
[PlyCount "113"]
[EventDate "2021.05.11"]
[EventType "swiss (blitz)"]
[EventRounds "11"]
[EventCountry "NET"]
[Source "Mark Crowther"]
[SourceDate "2021.05.17"]

1. e4 c5 2. Nf3 e6 3. g3 Nc6 4. Bg2 Qc7 5. O-O Nf6 6. Re1 Be7 7. c3 d5 8. exd5
Nxd5 9. d4 cxd4 10. Nxd4 O-O 11. Nxc6 bxc6 12. c4 Nb4 13. Bf4 Qb6 14. Nc3 Rd8
15. Qf3 Bb7 16. Rad1 Nc2 17. Rxd8+ Rxd8 18. Rb1 Bf6 19. Ne4 Bd4 20. Qe2 Nb4 21.
a3 Nd3 22. Rd1 Nxf4 23. gxf4 c5 24. b4 cxb4 25. c5 Qc7 26. axb4 Qxf4 27. Nd6
Bxg2 28. Kxg2 Qg5+ 29. Kf1 Be5 30. Ne4 Qe7 31. Rxd8+ Qxd8 32. h3 h6 33. Kg2 Bd4
34. Qd3 Qd5 35. f3 e5 36. Nd2 g6 37. Ne4 Kg7 38. Nd6 h5 39. Qc4 Qxc4 40. Nxc4
Kf6 41. Nd6 Ke6 42. Nb5 Kd5 43. Nxa7 Kc4 44. c6 Bb6 45. b5 Kc5 46. Nc8 Kxb5 47.
Nd6+ Kxc6 48. Nxf7 Kd5 49. Nh8 g5 50. Nf7 Be3 51. Kf1 Ke6 52. Nd8+ Kf5 53. Ke2
Bf4 54. Nf7 g4 55. hxg4+ hxg4 56. fxg4+ Kxg4 57. Nxe5+ 1/2-1/2

[Event "Titled Tuesday 2021.05.11"]
[Site "chess.com INT"]
[Date "2021.05.11"]
[Round "7"]
[White "Eden, J."]
[Black "Yang, Kaiqi"]
[Result "1/2-1/2"]
[WhiteElo "2294"]
[BlackElo "2481"]
[PlyCount "58"]
[EventDate "2021.05.11"]
[EventType "swiss (blitz)"]
[EventRounds "11"]
[EventCountry "NET"]
[Source "Mark Crowther"]
[SourceDate "2021.05.17"]

1. e4 c5 2. Nf3 d6 3. d4 cxd4 4. Nxd4 Nf6 5. Nc3 g6 6. f4 Nc6 7. Nxc6 bxc6 8.
e5 Nd7 9. exd6 exd6 10. Qd4 Qf6 11. Be3 Bg7 12. O-O-O Qxd4 13. Bxd4 Bxd4 14.
Rxd4 d5 15. Na4 O-O 16. c4 Re8 17. cxd5 cxd5 18. Rxd5 Re1+ 19. Rd1 Re4 20. Bb5
Rxf4 21. Rxd7 Bxd7 22. Bxd7 Rd8 23. Rd1 Rf2 24. Bh3 Rxd1+ 25. Kxd1 f5 26. Ke1
Rc2 27. Kd1 Rf2 28. Ke1 Rc2 29. Kd1 Rf2 1/2-1/2